| 000 | 00483nam a2200169Ia 4500 | ||
|---|---|---|---|
| 008 | 230725s2001 xx 000 0 und d | ||
| 041 | _aeng | ||
| 082 |
_a615.1901 _bSET |
||
| 100 | _aSETHI P. D. | ||
| 245 | _aHIGH PERFORMANCE LIQUID CHRAMOTOGRAPHY : QUANTIATIVE ANALYSIS OF PHARMACEUTICAL FORMULATION | ||
| 260 |
_bCBS PUBLISHERS & DISTRIBUTORS _c2001 |
||
| 300 | _a895 | ||
| 365 | _h20% | ||
| 500 | _aTEXT BOOK | ||
| 501 | _aPQA | ||
| 650 | _aPHARMACEUTICAL QUALITY ASSURANCE | ||
| 999 |
_c769436 _d769436 |
||